| 000 | 01691nam a2200433 i 4500 | ||
|---|---|---|---|
| 999 |
_c2598 _d2598 |
||
| 001 | 019870079 | ||
| 003 | UkOxU | ||
| 005 | 20230726152508.0 | ||
| 006 | m || | | | ||
| 007 | co ||||||||||| | ||
| 008 | 140819m20142015enka 001 0 eng|d | ||
| 015 |
_aGBB489505 _2bnb |
||
| 020 |
_a9780198308768 _qTeacher resource pack |
||
| 035 | _a(Uk)016837769 | ||
| 040 |
_aStDuBDS _beng _erda _cStDuBDS _dUkOxU _dKH8 |
||
| 082 | 0 | 4 | _a540 GAL |
| 100 | 1 |
_aGallagher, R. _q(Rosemarie), _d1948- _eauthor. |
|
| 245 | 1 | 0 |
_aComplete chemistry for Cambridge IGSCE / _cRoseMarie Gallagher, Paul Ingram |
| 250 | _aThird edition. | ||
| 264 | 1 |
_aOxford : _bOxford University Press, _c2014-2015. |
|
| 300 |
_a3 volumes : _billustrations ; _c28-30 cm + _e1 CD-ROM |
||
| 336 |
_atext _2rdacontent |
||
| 336 |
_astill image _2rdacontent |
||
| 337 |
_acomputer _2rdamedia |
||
| 337 |
_aunmediated _2rdamedia |
||
| 338 |
_acomputer disc _2rdacarrier |
||
| 338 |
_avolume _2rdacarrier |
||
| 347 |
_atext file _2rda |
||
| 500 | _aStudent book and Teacher resource pack accompanied by CD-ROM in pocket attached to inside back cover. | ||
| 500 | _aIncludes index. | ||
| 500 | _a"Endorsed by University of Cambridge International Examinations"--Student book. | ||
| 505 | 0 | _aStudent book / RoseMarie Gallagher, Paul Ingram -- Workbook / Roger Norris -- Teacher resource pack / RoseMarie Gallagher, Paul Ingram. | |
| 521 | 2 | _aIGCSE. | |
| 650 | 0 |
_aChemistry _xExaminations _vStudy guides. |
|
| 700 | 1 |
_aNorris, Roger, _d1947- _eauthor. |
|
| 700 | 1 |
_aIngram, P. _q(Paul), _d1948- _eauthor. |
|
| 710 | 2 |
_aUniversity of Cambridge. _bLocal Examinations Syndicate. _bInternational Examinations. |
|
| 942 |
_2ddc _cTR |
||